000 00902cab a22002055a 4500
001 L135810
008 061212s2006 xxk f 000 0 eng d
035 _a(Sirsi) u135810
041 0 _aeng
100 1 _aKooymans, Rob
245 0 0 _aDeveloping an effective service life asset management and valuation model
260 _c2006
490 0 _aJournal of Corporate Real Estate
_v8(4) 2006, 198-212(15)
520 _aDescribes the development and testing of a depreciated replacement cost model for a portfolio of corporate real estate assets. Finds that the developed model is effective in planning and maintaining maintenance and capital expenditure, with application to life-cycle maintenance and replacement decisions.
590 _aKA
651 4 _aInternational
690 _aPROPERTY-COMMERCIAL PROPERTY-COMMERCIAL PROPERTY APPRAISAL AND VALUATION
700 1 _aAbbott, James
942 _n0
999 _c78006
_d78006